01486caa a22001452a 4500001000900000003001100009008004300020100001900063245006000082300001600142500015500158773034200313773034200655773034300997 006972 AR-FADEU 311216n########xxu####################dd aFranco, Carlos aDel marxismo eurocéntrico al marxismo latinoamericano aPP. 178-214 aEn: Los nuevos procesos sociales y la teoría política contemporánea /coord. Julio Labastida Martín Del Campo. México : Siglo Veintiuno, 19860 012770aSeminario. Los nuevos procesos sociales y la teoría política contemporánea. Organizado por el Instituto de Investigaciones sociales de la Universidad Nacional Autónoma de México : Oaxaca, 1985bdMéxicoo4077tLos nuevos procesos sociales y la teoría política contemporáneaw( AR-FADEU) 006956xz968-23-1344-90 012770aSeminario. Los nuevos procesos sociales y la teoría política contemporánea. Organizado por el Instituto de Investigaciones sociales de la Universidad Nacional Autónoma de México : Oaxaca, 1985bdMéxicoo4384tLos nuevos procesos sociales y la teoría política contemporáneaw( AR-FADEU) 006956xz968-23-1344-90 030399aSeminario. Los nuevos procesos sociales y la teoría política contemporánea. Organizado por el Instituto de Investigaciones sociales de la Universidad Nacional Autónoma de México : Oaxaca, 1985bdMéxicoo21606tLos nuevos procesos sociales y la teoría política contemporáneaw( AR-FADEU) 024712xz968-23-1344-9